000 01374nam a22002777a 4500
001 EPSA 0265
003 gtcocun
005 20250919172953.0
006 a||||gr|||| 00| 0
007 ta
008 250919b2024 gt ||||| m||| 00| 0 eng d
040 _agtcocun
_bSPA
_cgtcocun
_eRDA
041 _aSPA EPSA 0265
084 _0EPSA 0265
100 _aChen Escobar, Rosivi Abigail
_eAutor
245 _aINFORME FINAL DEL EJERCICIO PROFESIONAL SUPERVISADO REALIZADO EN LA EMPRESA DE ALIEMNTOS REFRIGERADOS DEL NORTE S.A. SANTA CRUZ VERAPAZ, ALTA VERAPAZ./
_cRosivi Abigail Chen Escobar.
_hImpreso
264 _aCobán, Alta Verapaz:
_bUniversidad de San Carlos de Guatemala, Centro Universitario del Norte, Licenciatura en Administración de Empresas
_c2024
300 _a61 p.:
_bIlustraciones, gráficas.
_c28 cm;
502 _eEPSA 0265
502 _aEjercicio Profesional Supervisado
_bLicenciatura en Administración de Empresas,
_cUniversidad de San Carlos de Guatemala, Centro Universitario del Norte, Licenciatura en Administración de Empresas
_d2024
_oEPSA 0265
650 1 4 _2LEMB
_aSanta Cruz Verapaz, Alta Verapaz.
_xAdministración
_xMejoramiento
_xPlanificar
_xPropuesta
_xSoluciones
700 _eAsesor
856 _uSin archivo en línea.
_zSin archivo en línea.
942 _2ddc
_cTES
_iEPSA 0265
_kClasificación
_n0
_6EPSA_0265_000000000000000
999 _c1997
_d1997